| 000 | 00809npc a2200217Ia 4500 | ||
|---|---|---|---|
| 001 | dp5/10-2536 [d000002670] | ||
| 003 | IT-MiCISF | ||
| 005 | 20260128100624.0 | ||
| 008 | 161014s9999||||xx | und|| | ||
| 040 |
_aIT-MiCISF _cIT-MiCISF |
||
| 041 | _ait | ||
| 100 |
_aSigalini Domenico, Bonetti Renzo (a cura di) _963236 |
||
| 245 | 0 |
_aAtti del seminario di studio "Giovani e famiglia" _bLoreto, 12-14 aprile 1996 |
|
| 260 |
_bCEI-Ufficio nazionale per la pastorale della famiglia, Servizio nazionale per la pastorale giovanile _c1996 |
||
| 300 | _app. 135 | ||
| 500 | _a/ pastorale-familiare, pastorale-giovanile, giovani, famiglia / | ||
| 650 | _apastorale-familiare | ||
| 700 |
_aPrandini R., Solmi E., Giuliodori C., Bonetti R., Sigalini D. _963237 |
||
| 942 |
_cDD _2ddc |
||
| 999 |
_c206643 _d206643 |
||
| 999 | _bsi | ||